ბათუმის შოთა რუსთაველის სახელმწიფო უნივერსიტეტის ბიბლიოთეკა

ფოლადის გზებზე (ბიბ.ჩანაწერი № 48813)

000 -LEADER
fixed length control field 00990nam a2200241Ia 4500
001 - CONTROL NUMBER
control field 15715
003 - CONTROL NUMBER IDENTIFIER
control field GE_BSU
008 - FIXED-LENGTH DATA ELEMENTS--GENERAL INFORMATION
fixed length control field 181216s||||||||xx |||||||||||||| ||und||
040 ## - CATALOGING SOURCE
Transcribing agency GE_BSU
080 ## - UNIVERSAL DECIMAL CLASSIFICATION NUMBER
Universal Decimal Classification number 821.353.1-4
100 ## - MAIN ENTRY--PERSONAL NAME
Personal name წვერავა, ს.
245 ## - TITLE STATEMENT
Title ფოლადის გზებზე
245 ## - TITLE STATEMENT
Remainder of title ნარკვევები კომუნისტური შრომის ბრიგადებზე.
245 ## - TITLE STATEMENT
Statement of responsibility, etc. რედ.ვ. ნატროშვილი. მხ. ირ.ჯანაშვილი
260 ## - PUBLICATION, DISTRIBUTION, ETC.
Place of publication, distribution, etc. თბილისი
260 ## - PUBLICATION, DISTRIBUTION, ETC.
Name of publisher, distributor, etc. საბჭ. მწერალი
260 ## - PUBLICATION, DISTRIBUTION, ETC.
Date of publication, distribution, etc. 1960.
300 ## - PHYSICAL DESCRIPTION
Extent 300გვ. ; 20სმ
653 ## - INDEX TERM--UNCONTROLLED
Uncontrolled term კომუნისტური შრომის ბრიგადები;
653 ## - INDEX TERM--UNCONTROLLED
Uncontrolled term ნარკვევები კომუნისტური შრომის ბრიგადებზე
653 ## - INDEX TERM--UNCONTROLLED
Uncontrolled term ფოლადის გზებზე
942 ## - ADDED ENTRY ELEMENTS (KOHA)
Koha item type წიგნი
ეგზემპლარები
Withdrawn status Lost status Damaged status Not for loan Date acquired Barcode Date last seen Price effective from Koha item type
        2018-12-17 38935 2018-12-17 2018-12-17 წიგნი